Central Library OPAC University of Rajshahi

The warden / (Record no. 22984)

MARC details
000 -LEADER
fixed length control field 01043nam a2200313 a 4500
001 - CONTROL NUMBER
control field 22984
003 - CONTROL NUMBER IDENTIFIER
rucl marc code BD-RjUL
005 - DATE AND TIME OF LATEST TRANSACTION
control field 20240124151306.0
008 - FIXED-LENGTH DATA ELEMENTS--GENERAL INFORMATION
fixed length control field 140309s19501918enk b 000 1 eng d
035 ## - SYSTEM CONTROL NUMBER
System control number (BD-RjUL)23049
040 ## - CATALOGING SOURCE
Original cataloging agency DLC
Transcribing agency NhU
Modifying agency OCoLC
-- DLC
-- BD-RjUL
Language of cataloging eng
041 ## - LANGUAGE CODE
Language code of text/sound track or separate title eng
082 ## - DEWEY DECIMAL CLASSIFICATION NUMBER
Classification number 823
Author mark and year TRW 1950
100 1# - MAIN ENTRY--PERSONAL NAME
Personal name Trollope, Anthony,
Dates associated with a name 1815-1882.
9 (RLIN) 70891
245 10 - TITLE STATEMENT
Title The warden /
Statement of responsibility, etc. Anthony Trollope
260 ## - PUBLICATION, DISTRIBUTION, ETC. (IMPRINT)
Place of publication, distribution, etc. London :
Name of publisher, distributor, etc. oxford university press
Date of publication, distribution, etc. 1918, [reprinted1950]
300 ## - PHYSICAL DESCRIPTION
Pagination 266 p. ;
Size 19 cm.
490 0# - SERIES STATEMENT
Series statement Modern Library college editions,
Volume/sequential designation T37
Series statement The World's classics,
Volume/sequential designation 217
504 ## - BIBLIOGRAPHY, ETC. NOTE
Bibliography, etc Bibliography: p. xv.
650 #0 - SUBJECT ADDED ENTRY--TOPICAL TERM
Topical term or geographic name as entry element Barsetshire (England : Imaginary place)
Form subdivision Fiction.
9 (RLIN) 60926
Topical term or geographic name as entry element Barchester (England : Imaginary place)
Form subdivision Fiction.
9 (RLIN) 60927
Topical term or geographic name as entry element Almshouses
Form subdivision Fiction.
9 (RLIN) 70892
Topical term or geographic name as entry element Clergy
Form subdivision Fiction.
9 (RLIN) 70893
830 ## - SERIES ADDED ENTRY--UNIFORM TITLE
Uniform title Modern Library college editions,
Volume number/sequential designation T37
Uniform title The World's classics,
Volume number/sequential designation 217
942 ## - ADDED ENTRY ELEMENTS (KOHA)
Source of classification or shelving scheme Dewey Decimal Classification
Koha item type Books
Holdings
Lost status Source of classification or shelving scheme Damaged status Not for loan Collection code Permanent Location Current Location Shelving location Date acquired Source of acquisition Cost, normal purchase price Total Checkouts Full call number Date last seen Copy number Koha item type
  Dewey Decimal Classification     Fiction Central Library, University of Rajshahi Central Library, University of Rajshahi   22/01/1955 M.B.P. dacca 3.20   823 TRW 1950 09/03/2014 C-2 Books
  Dewey Decimal Classification   Not For Loan Fiction Central Library, University of Rajshahi Central Library, University of Rajshahi Reading Room 25/10/1954 O.U.P. 2.13   823 TRW 1950 24/01/2024 C-1 Books